Anecdotes of a White - Collared Slave / (Record no. 209763)

MARC details
000 -LEADER
fixed length control field 00643nam a22001937a 4500
005 - DATE AND TIME OF LATEST TRANSACTION
control field 20250225154127.0
010 ## - LCCN (DPL NO)
LC control number ENG-143944
020 ## - INTERNATIONAL STANDARD BOOK NUMBER
International Standard Book Number 9789388424806
Terms of availability 195.00
035 ## - SYSTEM CONTROL NUMBER
System control number EN-127476
037 ## - SOURCE OF ACQUISITION
Source of stock number/acquisition DBAD/PUB
082 ## - DEWEY DECIMAL CLASSIFICATION NUMBER
Classification number N
100 ## - MAIN ENTRY--PERSONAL NAME
Personal name Gupta , Aashish
Dates associated with a name 2019
245 ## - TITLE STATEMENT
Title Anecdotes of a White - Collared Slave /
Statement of responsibility, etc Aashish Gupta
Medium English
Remainder of title He is you , you are him
260 ## - PUBLICATION, DISTRIBUTION, ETC. (IMPRINT)
Place of publication, distribution, etc Maharashtra
Name of publisher, distributor, etc Vishwakarma Publications
Date of publication, distribution, etc 2019
270 ## - ADDRESS
Address 34A/1, suyog center , 7th Floor , Gultekadi Marketyard road , giridhar bhavan chowk .
City Pune -411037
300 ## - PHYSICAL DESCRIPTION
Extent 143p.
Dimensions 21cm(pbk)
700 ## - ADDED ENTRY--PERSONAL NAME
9 (RLIN) 78713
942 ## - ADDED ENTRY ELEMENTS (KOHA)
Source of classification or shelving scheme Dewey Decimal Classification
Item type English Books
Classification part N
Call number suffix GUP
Holdings
Withdrawn status Lost status Not for loan Collection code Home library Current library Date acquired Source of acquisition Cost, normal purchase price Full call number Barcode Cost, replacement price Koha item type
      Fiction Central Library Central Library 25/02/2025 DBAD 195.00 N GUP EN-127476 195.00 English Books

© Delhi Public Library
Hit Counter
free hit counter